Quizzes
Events
Quiz Creation
Community
Videos
Private Events
Remove Ads
Sign In
Join for FREE
Feedback
Dark Mode
Quiz Categories
Sports
Geography
Music
Movies
Television
Just For Fun
Miscellaneous
History
Literature
Language
Science
Gaming
Entertainment
Religion
Holiday
For Kids
Quiz Lab
Recent
Popular Today
Quiz Kudos Today
Editor Picks
Curator Picks
Quizzes by...
Day
Popularity
Type
Ratings
Length
Year
Community
Subscriptions
Recent Discussions
Orange Saloon
Badges
Playlists
Quests
Create
Leaderboards
Showdown
Live 5
Trivia Bingo
Activity
Puzzle Library
Sporcle Events
Private Events
Virtual Trivia
Globe League
Become a Host
Pub Owners
SporcleCon
Opinionation
Our Games
Videos
Blog
Mobile Apps
Partnerships
Remove Ads and Go Orange
Feedback
Movies
Disney
Marvel Cinematic Universe
Movie Resume
Movie Titles
Oscar
Actor
Actress
Director
Pixar
Role
Movie Quotes
Movie Characters
Box Office
Nominee
Best Picture
Star Wars
James Bond
Horror Movies
Movies
Disney
Marvel Cinematic Universe
Movie Resume
Movie Titles
Oscar
Actor
Actress
Director
Pixar
Role
Movie Quotes
Movie Characters
Box Office
Nominee
Best Picture
Star Wars
James Bond
Horror Movies
Random Quiz
Search Sporcle
×
Quiz Lab
Quiz Lab
Movies
Director
Type in answers that appear in a list
Type in answers that appear in a list
Classic
Best Score? Go Orange.
Film Soundtrack Quiz Stats
Can you name the Film Soundtrack?
By
JamFace
20m
60 Questions
859 Plays
859 Plays
859 Plays
Comments
Comments
Give Quiz Kudos
Give Quiz Kudos
-
- Ratings
hide this ad
Replay
Link that replays current quiz
Next Quiz
Link to next quiz in quiz playlist
You Got
0%
They Got
Avg Score
34%
Avg Friend Score
Upgrade to see
Score Distribution
Jump to the score distribution portion of the page
Score
0/60
Timer
20:00
0
Plays Today
Time
Film
% Correct
01.03
Batman
70.8%
01.28
The Exorcist
61.6%
03.10
The Lion King
59.4%
09.00
Phantom of the Opera
58%
04.36
Halloween
57.5%
03.00
Home Alone
56.1%
09.25
Evita
55.8%
05.55
The Matrix
55.6%
11.15
Annie
55.6%
04.05
Moulin Rouge
54.5%
06.03
The Little Mermaid
53.3%
05.24
Hercules
52.7%
10.20
Edward Scissorhands
51.5%
05.47
Space Jam
49.7%
08.48
Grease
49.4%
01.51
Dirty Dancing
48%
06.40
Shrek 2
47.4%
12.27
Beauty and the Beast
46.7%
02.34
Requiem for a Dream
46.6%
10.54
Chicago
46%
04.49
Inception
44.5%
02.26
Sister Act
44.4%
06.16
Tangled
42.5%
10.00
Dreamgirls
41.6%
11.00
Beetlejuice
41.4%
09.36
Enchanted
40.3%
02.43
The Rocky Horror Picture Show
40.2%
08.20
Goldeneye
39.8%
05.33
Romeo and Juliet
38.5%
03.39
Matilda
36.4%
Time
Film
% Correct
00.01
Pokemon
36%
03.29
Nightmare on Elm Street
35.7%
01.14
Beaches
34.5%
06.31
Brother Bear
33.3%
02.10
Mortal Kombat
32.8%
01.39
Dangerous Minds
32%
06.50
Brokeback Mountain
30.4%
11.57
Tim Burton's Alice in Wonderland
30%
05.05
Rent
29.3%
09.44
Coyote Ugly
29%
00.24
The Addams Family
27.8%
04.20
Quantum of Solace
26.9%
09.07
Bridget Jones' Diary
24.2%
10.45
Burlesque
23.2%
03.18
Mannequin
22.4%
08.37
Hairspray
21.1%
09.11
Bring It On
16.4%
07.36
Fame
15.5%
07.17
The First Wives Club
12.7%
11.39
A Walk To Remember
12%
00.40
Big Trouble in Little China
10.5%
00.11
Witches of Eastwick
9.4%
12.17
Adulthood
7%
07.00
Final Fantasy VII Advent Children
6.3%
09.51
Dead Silence
4.8%
11.25
Practical Magic
4.4%
07.50
Fright Night
3%
08.11
Get Over It
2.9%
10.38
Country Strong
1.6%
12.40
Mona Lisa Smile
1.2%
Quiz Playlist
Details
Report
Send in Message
Add To Playlist
Classic:
Type in answers that appear in a list
Last Updated: Dec 9, 2018
Quiz Scoreboard
CHALLENGE
Sign Up to Join the Scoreboard
Show All
Scores
Hide
Comments
May contain spoilers
Recently Published
An Introduction to Baseball
by treessimontrees
Sports
5m
Movies - When Are They Set?
by FPL_Elf
Movies
5m
Popular People in 1961
by mucciniale
History
6m
More to Explore
Quiz From the Vault
Featured Blog Post
Where Did the Easter Bunny Come From?
hide this ad
You Might Also Like...
Tags
Director Quiz
Audio Quiz
Composer
Music Clip
soundtrack
theme
Today's Top Quizzes in Movies
Browse Movies
hide this ad
Today's Top Quizzes in Director
Browse Director
Top Contributed Quizzes in Movies
1
Pick 5 Posters: Directed by Spielberg
2
Multi-Oscar Nominations, One Movie, One Winner
3
12 Movies about Fictional 1960s Events
4
One Thing in Common: Movies
5
Sunday Crossword: Film Score Composers
6
One Thing in Common: Movies II
7
Pick 5 Posters: Lowest-Rated Spielberg
8
Three Word 'H' Movies Match Up
9
Three Word 'T' Movies Match Up
10
7-to-1: Pixar Characters
Explore More
Trending Topics
Disney
Crossword
NBA
Anime
Harry Potter
Marvel
Kpop
Pokémon
WWE
Song
Puzzle
Soccer
Country
NFL
The Office
hide this ad
More By:
JamFace
Quiz
Plays
Rating
Category
Featured
Created
Film Soundtrack Quiz
859
3.00
Movies
Aug 14, 2011
Children's Television Theme Quiz
646
4.67
Television
Dec 18, 2012
TV Themes US/UK
577
3.57
Television
Apr 1, 2012
Movie Soundtrack quiz #1
155
4.00
Entertainment
Jan 11, 2020
Go to Creator's Profile
Score Distribution
Quiz Creator Spotlight
JamFace
Follow
Send a Message
Quizzes Created
-
Created Quiz Play Count
-
More By This Creator
Popular Quizzes Today
1
Find the Countries of Europe - No Outlines Minefield
2
Find the US States - No Outlines Minefield
3
The Countries of the World
4
Popular People in 1961
5
US States
6
1-10 Letter E Words III
7
Find the US States
8
Risky Map Clicking: Biggest States A-Z
More Movies Quizzes
James McAvoy Roles
Quiz Lab
Trending Quizzes
Risky Map Clicking: Least Populous States A-Z
1-10 Letter F Words
1-10 Letter G Words
One Thing in Common: United Kingdom
Risky Map Clicking: Next State Alphabetically
Recently Updated
Leaping Animals
pecheneg
Reality TV Shows (A-Z)
bhenderson79
Rickey Henderson's Hall of Fame Teammates
pecheneg
Champions League XIs: Arsenal
pecheneg
Quick Pick: Celebrities in WWE's Hall of Fame
aduchscher
A-Z Keypad Blitz II
pecheneg
Multiple Oscar Actors
pecheneg
Mystery Phrase Blitz: Oscar 'Best Actors'
pecheneg
F. Scott Fitzgerald Novels
LTH
Pick 3 Villains
ddd62291
Trending Topics
Marvel
NBA
Anime
Crossword
Kpop
Disney
Harry Potter
Soccer
Song
Pokémon
WWE
The Office
Puzzle
Country
NFL
Your Account Isn't Verified!
In order to create a playlist on Sporcle, you need to verify the email address you used during registration. Go to your
Sporcle Settings
to finish the process.
Report this User
Report this user for behavior that violates our
Community Guidelines
.
Details:
Send Report
Go to the Sporcle.com Mobile Site →
Comments